[Event "Oberliga Sued W 1718"]
[Site "Germany"]
[Date "2018.02.25"]
[Round "9.2"]
[White "Koch, Hans Juergen"]
[Black "Michels, Achim"]
[Result "1-0"]
[WhiteElo "2265"]
[BlackElo "2160"]
[PlyCount "49"]
[EventDate "2017.09.10"]
[EventType "team-tourn"]
[EventRounds "11"]
[EventCountry "GER"]
[SourceTitle "EXT 2019"]
[Source "ChessBase"]
[SourceDate "2018.10.10"]
[SourceVersion "1"]
[SourceVersionDate "2018.10.10"]
[SourceQuality "1"]
[WhiteTeam "Trier"]
[BlackTeam "Gau Algesheim"]
[WhiteTeamCountry "GER"]
[BlackTeamCountry "GER"]

1. c4 e6 2. Nf3 d5 3. e3 Nf6 4. b3 Be7 5. Bb2 0-0 6. Be2 c5 7. 0-0 Nc6 8. d4 cxd4 9. Nxd4 Qa5 10. cxd5 Nxd5 11. Nxc6 bxc6 12. Qc1 Ba6 13. Bxa6 Qxa6 14. Nd2 Nb4 15. Bc3 Nd3 16. Qc2 Rfd8 17. Nc4 Rd7 18. Qe2 Qb5 19. Rad1 Rad8 20. Ba5 Qf5 21. Bxd8 Bxd8 22. e4 Nf4 23. Qf3 Nh3+ 24. Qxh3 Qxh3 25. gxh3 1-0

[Event "Oberliga Sued W 1314"]
[Site "Germany"]
[Date "2013.12.15"]
[Round "4.2"]
[White "Koch, Hans Juergen"]
[Black "Perske, Thore"]
[Result "1/2-1/2"]
[WhiteElo "2264"]
[BlackElo "2158"]
[PlyCount "99"]
[EventDate "2013.10.13"]
[EventType "team-tourn"]
[EventRounds "9"]
[EventCountry "GER"]
[SourceTitle "EXT 2015"]
[Source "ChessBase"]
[SourceDate "2014.11.20"]
[SourceVersion "1"]
[SourceVersionDate "2014.11.20"]
[SourceQuality "1"]
[WhiteTeam "Gau Algesheim"]
[BlackTeam "Heidesheim"]
[WhiteTeamCountry "GER"]
[BlackTeamCountry "GER"]

1. c4 Nf6 2. g3 g6 3. Bg2 Bg7 4. Nc3 0-0 5. Nf3 d6 6. 0-0 Nc6 7. Rb1 a5 8. a3 e5 9. d3 h6 10. b4 axb4 11. axb4 Be6 12. b5 Ne7 13. e4 Nd7 14. Qc2 Nc5 15. Be3 Qd7 16. Ra1 f5 17. Rxa8 Rxa8 18. Nd5 Ra3 19. Nxe7+ Qxe7 20. Bxc5 dxc5 21. Nh4 Bf6 22. exf5 gxf5 23. Bxb7 Bxh4 24. gxh4 Qd6 25. Rd1 Qd4 26. Qe2 Kh7 27. Re1 Ra1 28. Rxa1 Qxa1+ 29. Kg2 Qd4 30. Qe3 Kg7 31. Qxd4 exd4 32. Kg3 Kf6 33. Kf4 Bd7 34. Ba8 Bc8 35. Bh1 Be6 36. Bg2 Bd7 37. Bh1 Be6 38. Bd5 Bd7 39. Kg3 Ke5 40. f4+ Kd6 41. Bb7 Be8 42. Bc8 Bd7 43. Bb7 Be8 44. Kf2 c6 45. b6 Kd7 46. Ke1 Bh5 47. Kd2 Bg4 48. Kc2 Be2 49. Ba6 Kd8 50. Kd2 1/2-1/2

[Event "Oberliga Sued W 1314"]
[Site "Germany"]
[Date "2013.10.13"]
[Round "1.2"]
[White "Bureik, Matthias"]
[Black "Koch, Hans Juergen"]
[Result "1-0"]
[WhiteElo "2137"]
[BlackElo "2264"]
[PlyCount "73"]
[EventDate "2013.10.13"]
[EventType "team-tourn"]
[EventRounds "9"]
[EventCountry "GER"]
[SourceTitle "EXT 2015"]
[Source "ChessBase"]
[SourceDate "2014.11.20"]
[SourceVersion "1"]
[SourceVersionDate "2014.11.20"]
[SourceQuality "1"]
[WhiteTeam "Schwarzenbach II"]
[BlackTeam "Gau Algesheim"]
[WhiteTeamCountry "GER"]
[BlackTeamCountry "GER"]

1. d4 c5 2. d5 e5 3. c4 d6 4. e4 g6 5. Nc3 Bg7 6. Bd3 Ne7 7. g4 Na6 8. a3 Nc7 9. h3 a6 10. Nge2 0-0 11. Bg5 Rb8 12. a4 f6 13. Bd2 f5 14. gxf5 gxf5 15. exf5 Bxf5 16. Ne4 b5 17. N2g3 bxc4 18. Bxc4 Kh8 19. Bg5 Bxe4 20. Nxe4 Qd7 21. b3 Qf5 22. Qg4 Nexd5 23. Qxf5 Rxf5 24. Rd1 Nc3 25. Nxc3 Rxg5 26. Rxd6 e4 27. Nxe4 Re8 28. f3 Rf5 29. Ke2 a5 30. Rg1 Bd4 31. Rg4 Ref8 32. Rd7 Ne8 33. Ng5 Nf6 34. Nf7+ Rxf7 35. Rd8+ Ne8 36. Rxe8+ Rf8 37. Rg8+ 1-0

[Event "Oberliga Sued W 0910"]
[Site "Germany"]
[Date "2009.11.15"]
[Round "2.4"]
[White "Raphael, Juergen"]
[Black "Koch, Hans Juergen"]
[Result "0-1"]
[WhiteElo "1906"]
[BlackElo "2252"]
[PlyCount "52"]
[EventDate "2009.10.18"]
[EventType "team-tourn"]
[EventRounds "9"]
[EventCountry "GER"]
[SourceTitle "EXT 2011"]
[Source "ChessBase"]
[SourceDate "2010.11.26"]
[SourceVersion "1"]
[SourceVersionDate "2010.11.26"]
[SourceQuality "1"]
[WhiteTeam "Wadgassen/Differten"]
[BlackTeam "Koblenz 25"]
[WhiteTeamCountry "GER"]
[BlackTeamCountry "GER"]

1. c3 Nf6 2. d4 g6 3. Nf3 Bg7 4. Bg5 d5 5. e3 0-0 6. Bd3 Nbd7 7. Nbd2 Re8 8. Qc2 e5 9. dxe5 Nxe5 10. Nxe5 Rxe5 11. Nf3 Re8 12. 0-0-0 c6 13. h4 Bg4 14. Rdg1 Qd7 15. Bxf6 Bxf6 16. Nh2 Be6 17. h5 c5 18. Qe2 a6 19. Qf3 Bg7 20. Bc2 d4 21. Rd1 Qb5 22. cxd4 cxd4 23. exd4 Rac8 24. Kb1 Rxc2 25. Kxc2 Bf5+ 26. Rd3 Rc8+ 0-1

[Event "Oberliga Sued W 0910"]
[Site "Germany"]
[Date "2009.10.18"]
[Round "1.4"]
[White "Koch, Hans Juergen"]
[Black "Lantzsch, Christian"]
[Result "1-0"]
[WhiteElo "2252"]
[BlackElo "2176"]
[PlyCount "119"]
[EventDate "2009.10.18"]
[EventType "team-tourn"]
[EventRounds "9"]
[EventCountry "GER"]
[SourceTitle "EXT 2011"]
[Source "ChessBase"]
[SourceDate "2010.11.26"]
[SourceVersion "1"]
[SourceVersionDate "2010.11.26"]
[SourceQuality "1"]
[WhiteTeam "Koblenz 25"]
[BlackTeam "Heidesheim"]
[WhiteTeamCountry "GER"]
[BlackTeamCountry "GER"]

1. c4 c6 2. e4 e5 3. Nc3 Nf6 4. Nf3 Qa5 5. Be2 Bb4 6. Qc2 0-0 7. 0-0 Na6 8. a3 Bxc3 9. dxc3 Nc5 10. Bd3 Ne6 11. Rd1 Qc7 12. Nh4 Rd8 13. Bf1 d6 14. b3 Nc5 15. Bd3 Qe7 16. b4 Nxd3 17. Qxd3 Be6 18. Nf5 Bxf5 19. exf5 d5 20. Bg5 h6 21. Bh4 dxc4 22. Qxc4 Rxd1+ 23. Rxd1 Rd8 24. Re1 Rd5 25. h3 Qd6 26. Qe2 Nd7 27. Bg3 Rd2 28. Qc4 Rd1 29. Rxd1 Qxd1+ 30. Kh2 Qd5 31. Qg4 Nf6 32. Qe2 e4 33. Qe3 b6 34. Qf4 Kh7 35. Qb8 Qd7 36. Qe5 Qd5 37. Qb8 Qxf5 38. Qxa7 b5 39. a4 bxa4 40. Qxa4 Qd5 41. Qa5 Kg6 42. Be5 Qc4 43. Qd8 Nd5 44. Qg8 Nf6 45. Qf8 Qe6 46. Bd4 Ne8 47. Kg1 f6 48. Qc5 Nc7 49. Be3 Qd5 50. c4 Qd7 51. Qd4 Qxd4 52. Bxd4 Kf7 53. Kf1 Ke6 54. Ke2 g6 55. g4 h5 56. Ke3 hxg4 57. hxg4 f5 58. Kf4 Ne8 59. gxf5+ gxf5 60. Be5 1-0

[Event "Oberliga Sued W 0809"]
[Site "Germany"]
[Date "2009.03.30"]
[Round "9.3"]
[White "Klein, Joachim"]
[Black "Koch, Hans Juergen"]
[Result "1-0"]
[WhiteElo "2236"]
[BlackElo "1950"]
[PlyCount "45"]
[EventDate "2008.10.05"]
[EventType "team-tourn"]
[EventRounds "11"]
[EventCountry "GER"]
[SourceTitle "EXT 2012"]
[Source "ChessBase"]
[SourceDate "2011.11.24"]
[SourceVersion "1"]
[SourceVersionDate "2011.11.24"]
[SourceQuality "1"]
[WhiteTeam "Illingen"]
[BlackTeam "Kaiserslautern"]
[WhiteTeamCountry "GER"]
[BlackTeamCountry "GER"]

1. e4 c5 2. Nf3 a6 3. c3 e6 4. d4 d5 5. e5 b5 6. Bd3 Nc6 7. Nbd2 Nh6 8. 0-0 c4 9. Bc2 f5 10. exf6 gxf6 11. b3 Bg7 12. a4 Bd7 13. bxc4 bxc4 14. Ba3 Ne7 15. Rb1 0-0 16. Nh4 e5 17. dxe5 fxe5 18. Rb7 Rf7 19. Ndf3 Bc6 20. Bxh7+ Kxh7 21. Ng5+ Kg8 22. Nxf7 Nxf7 23. Rxe7 1-0

[Event "Oberliga Sued W 0708"]
[Site "Germany"]
[Date "2008.01.20"]
[Round "5.5"]
[White "Koch, Hans Juergen"]
[Black "Moeldner, Juergen"]
[Result "1-0"]
[WhiteElo "2233"]
[BlackElo "2234"]
[PlyCount "73"]
[EventDate "2007.10.21"]
[EventType "team-tourn"]
[EventRounds "9"]
[EventCountry "GER"]
[SourceTitle "EXT 2009"]
[Source "ChessBase"]
[SourceDate "2008.11.26"]
[SourceVersion "1"]
[SourceVersionDate "2008.11.26"]
[SourceQuality "1"]
[WhiteTeam "Kaiserslautern"]
[BlackTeam "Landau"]
[WhiteTeamCountry "GER"]
[BlackTeamCountry "GER"]

1. c4 f5 2. Nc3 Nf6 3. g3 g6 4. b4 Bg7 5. Bb2 0-0 6. Nf3 c6 7. Bg2 d5 8. cxd5 cxd5 9. Ne5 Nc6 10. Nxc6 bxc6 11. Na4 Rb8 12. a3 a5 13. Be5 Ra8 14. 0-0 Ne8 15. Bxg7 Nxg7 16. Qc2 Qd6 17. Qc5 axb4 18. axb4 Rb8 19. Rfc1 Bd7 20. Nb6 Be8 21. Ra7 Qd8 22. Na4 Rf7 23. Rb1 Rb5 24. Qe3 e6 25. Rxf7 Kxf7 26. Nc5 Qd6 27. d4 Qb8 28. Nd3 Kg8 29. Ra1 Rb7 30. Ra5 Bf7 31. Qc1 Rb6 32. Qa3 Qd6 33. Ra8+ Rb8 34. Ra7 g5 35. Nc5 Be8 36. Qa5 Qd8 37. Rxg7+ 1-0

[Event "Nancy-B"]
[Site "Nancy"]
[Date "2006.02.20"]
[Round "1"]
[White "Heinz, Timothee"]
[Black "Koch, Hans Juergen"]
[Result "1/2-1/2"]
[WhiteElo "2261"]
[BlackElo "2235"]
[PlyCount "85"]
[EventDate "2006.02.20"]
[EventType "tourn"]
[EventRounds "9"]
[EventCountry "FRA"]
[SourceTitle "CBM 110 Extra"]
[Source "ChessBase"]
[SourceDate "2006.03.10"]
[SourceVersion "2"]
[SourceVersionDate "2006.03.10"]
[SourceQuality "1"]

1. e4 c5 2. Nf3 a6 3. c3 e6 4. d4 d5 5. e5 Bd7 6. Be2 Bb5 7. Bxb5+ axb5 8. dxc5 Bxc5 9. 0-0 b4 10. cxb4 Bxb4 11. Qd4 Nc6 12. Qg4 g6 13. Bg5 Qb8 14. Nbd2 h6 15. Bf4 Nge7 16. Rfe1 Ra4 17. b3 Ra6 18. a4 b5 19. axb5 Qxb5 20. Bg3 Qb6 21. Rec1 Qa7 22. Rxa6 Qxa6 23. Qf4 g5 24. Qg4 Qd3 25. Nf1 Kd7 26. h4 gxh4 27. Qxh4 Qxb3 28. Nd4 Qb2 29. Nxc6 Nxc6 30. Qf4 Rh7 31. Rd1 h5 32. Qg5 h4 33. Bh2 h3 34. Rxd5+ exd5 35. Qf5+ Ke7 36. Qxh7 hxg2 37. Kxg2 Bc5 38. Qh4+ Ke8 39. Qh8+ Bf8 40. Qf6 Qc2 41. Ne3 Qe4+ 42. Kg1 Nd4 43. Bg3 1/2-1/2

[Event "Oberliga Sued W 0506"]
[Site "Germany"]
[Date "2005.12.11"]
[Round "4.4"]
[White "Schuh, Thomas"]
[Black "Koch, Hans Juergen"]
[Result "1/2-1/2"]
[WhiteElo "2074"]
[BlackElo "2210"]
[PlyCount "162"]
[EventDate "2005.10.23"]
[EventType "team-tourn"]
[EventRounds "9"]
[EventCountry "GER"]
[SourceTitle "EXT 2007"]
[Source "ChessBase"]
[SourceDate "2006.11.23"]
[SourceVersion "1"]
[SourceVersionDate "2006.11.23"]
[SourceQuality "1"]
[WhiteTeam "Illingen"]
[BlackTeam "Kaiserslautern Mehlingen"]
[WhiteTeamCountry "GER"]
[BlackTeamCountry "GER"]

1. e4 c5 2. Nf3 Nc6 3. Bb5 Qc7 4. Nc3 e6 5. 0-0 d6 6. d4 cxd4 7. Nxd4 Nf6 8. Re1 Be7 9. Bg5 0-0 10. Qd2 a6 11. Nxc6 bxc6 12. Bc4 Ng4 13. Be2 Nf6 14. Rad1 d5 15. e5 Qxe5 16. Bf4 Qf5 17. Bd3 Ne4 18. Nxe4 dxe4 19. Bxe4 Qb5 20. Re3 Ra7 21. Bd3 Qb4 22. Rh3 f5 23. c3 Qa5 24. Bc4 Kh8 25. Qe2 Bf6 26. Bxe6 Bxe6 27. Qxe6 Re7 28. Qxc6 Rfe8 29. Re3 Rd8 30. Rde1 Qxa2 31. Rxe7 Bxe7 32. Qc7 Bf6 33. Qxd8+ Bxd8 34. Re8+ Qg8 35. Rxg8+ Kxg8 36. c4 Kf7 37. Kf1 Ke6 38. Ke2 Bf6 39. b3 Kd7 40. f3 Kc6 41. Be3 Be5 42. h3 h5 43. Kd3 g6 44. Bd4 Bd6 45. Ke3 Bg3 46. Bg7 Bd6 47. g4 hxg4 48. fxg4 fxg4 49. hxg4 Be7 50. Ke4 Bd6 51. Be5 Bf8 52. Kf4 Bh6+ 53. Kf3 Bd2 54. Bd4 Bc1 55. Ke4 Bh6 56. Bf2 Bg7 57. Bh4 Kd6 58. Bg3+ Kc6 59. Kf4 Bf6 60. Bf2 Kd6 61. Be3 Kc6 62. Bc1 Kd6 63. Ba3+ Kc6 64. Bf8 Kd7 65. Bh6 Kd6 66. Bg5 Bg7 67. Bd8 Bh6+ 68. Ke4 Bg7 69. Bh4 Bb2 70. Bg3+ Kc6 71. Be5 Bc1 72. Bd4 Bh6 73. Kd3 Bf4 74. Kc3 Bd6 75. b4 Be7 76. Kb3 Bg5 77. Ka4 Bd8 78. b5+ axb5+ 79. cxb5+ Kd5 80. Be3 Ke4 81. Bd2 g5 1/2-1/2

[Event "Oberliga Sued W 0506"]
[Site "Germany"]
[Date "2005.11.27"]
[Round "3.3"]
[White "Armbrust, Florian"]
[Black "Koch, Hans Juergen"]
[Result "1-0"]
[WhiteElo "2232"]
[BlackElo "2210"]
[PlyCount "99"]
[EventDate "2005.10.23"]
[EventType "team-tourn"]
[EventRounds "9"]
[EventCountry "GER"]
[SourceTitle "EXT 2007"]
[Source "ChessBase"]
[SourceDate "2006.11.23"]
[SourceVersion "1"]
[SourceVersionDate "2006.11.23"]
[SourceQuality "1"]
[WhiteTeam "Schott Mainz"]
[BlackTeam "Kaiserslautern Mehlingen"]
[WhiteTeamCountry "GER"]
[BlackTeamCountry "GER"]

1. e4 c5 2. Nc3 Nc6 3. Bb5 e6 4. Bxc6 bxc6 5. d3 d6 6. f4 Qh4+ 7. g3 Qd8 8. Nf3 Be7 9. Qe2 Rb8 10. b3 d5 11. Nd1 Nf6 12. c4 0-0 13. 0-0 Nd7 14. Bb2 Bf6 15. e5 Be7 16. Nf2 a5 17. g4 a4 18. Nd2 Ba6 19. Kh1 Re8 20. g5 Qc8 21. Ng4 Bd8 22. Bc3 Kh8 23. h4 Bc7 24. h5 Qd8 25. Qh2 d4 26. Bb2 f5 27. exf6 gxf6 28. g6 Qe7 29. Rg1 Rg8 30. Nh6 Rg7 31. Rae1 Ba5 32. Nf5 exf5 33. h6 Qf8 34. hxg7+ Qxg7 35. gxh7 Qf7 36. Rg2 Bxd2 37. Rxd2 axb3 38. axb3 Nf8 39. Rde2 Qxh7 40. Qxh7+ Kxh7 41. Rg1 Ng6 42. Reg2 Rg8 43. Ba3 Bc8 44. Bxc5 Be6 45. Bxd4 Bf7 46. Bxf6 Nxf4 47. Rxg8 Bxg8 48. Rg7+ Kh6 49. Rxg8 Nxd3 50. Rc8 1-0

[Event "Vlissingen HZ op 08th"]
[Site "Vlissingen"]
[Date "2004.08.14"]
[Round "9"]
[White "Hoffman, Ron"]
[Black "Koch, Hans Juergen"]
[Result "0-1"]
[WhiteElo "2128"]
[BlackElo "2219"]
[PlyCount "136"]
[EventDate "2004.08.07"]
[EventType "swiss"]
[EventRounds "9"]
[EventCountry "NED"]
[SourceTitle "CBM 101 Extra"]
[Source "ChessBase"]
[SourceDate "2004.09.01"]
[SourceVersion "2"]
[SourceVersionDate "2004.09.01"]
[SourceQuality "1"]

1. e4 c5 2. Nf3 a6 3. g3 d6 4. d4 cxd4 5. Nxd4 Nf6 6. Bg2 e6 7. 0-0 Be7 8. c4 0-0 9. Nc3 Bd7 10. Be3 Nc6 11. h3 Rc8 12. b3 Qc7 13. Rc1 Qb8 14. Qd2 Nxd4 15. Qxd4 b5 16. cxb5 axb5 17. a4 bxa4 18. bxa4 e5 19. Qb6 Qa8 20. Qb3 Rb8 21. Qa2 Bc6 22. Rfe1 Rb4 23. Bg5 Bxa4 24. Nxa4 Rxa4 25. Qc2 Rd8 26. Qc7 Kf8 27. Re2 Ra7 28. Qc4 Ne8 29. Be3 Rc7 30. Qd3 Rdc8 31. Rec2 Rxc2 32. Rxc2 Qa1+ 33. Bf1 Rb8 34. Rc1 Qb2 35. Rc2 Qb1 36. Rc1 Qxd3 37. Bxd3 Bd8 38. Rc6 Ke7 39. Ra6 Rb7 40. Kg2 Nc7 41. Ra2 Ke8 42. Ra4 h6 43. h4 g5 44. h5 Kf8 45. Kh3 Ne8 46. Ra8 Ke7 47. Ra4 Nf6 48. Be2 Bc7 49. Bf3 Bb8 50. Be2 Rb2 51. Bf3 Rb1 52. g4 Nd7 53. Kg2 Bc7 54. Ra8 Rb8 55. Ra2 Bb6 56. Bxb6 Nxb6 57. Ra7+ Kf6 58. Be2 d5 59. exd5 Nxd5 60. Bc4 Ne7 61. Ra6+ Kg7 62. Ra7 Kf8 63. Ra6 Rb4 64. Be2 Kg7 65. Ra7 Nc6 66. Rc7 Na5 67. Kg3 Rf4 68. Bd3 Nb3 0-1

[Event "Vlissingen HZ op 08th"]
[Site "Vlissingen"]
[Date "2004.08.08"]
[Round "3"]
[White "Kasimdzhanov, Rustam"]
[Black "Koch, Hans Juergen"]
[Result "1-0"]
[WhiteElo "2640"]
[BlackElo "2219"]
[PlyCount "57"]
[EventDate "2004.08.07"]
[EventType "swiss"]
[EventRounds "9"]
[EventCountry "NED"]
[SourceTitle "CBM 101 Extra"]
[Source "ChessBase"]
[SourceDate "2004.09.01"]
[SourceVersion "2"]
[SourceVersionDate "2004.09.01"]
[SourceQuality "1"]

1. e4 c5 2. Nf3 d6 3. Bb5+ Nd7 4. d4 a6 5. Bxd7+ Bxd7 6. dxc5 dxc5 7. Nc3 e6 8. 0-0 Qc7 9. Qe2 Ne7 10. Rd1 Ng6 11. a4 Be7 12. Bg5 Bc6 13. Bxe7 Qxe7 14. a5 0-0 15. Qe3 Rfd8 16. h3 f6 17. Nd2 Rac8 18. Nc4 Bb5 19. Nb6 Rxd1+ 20. Rxd1 Rc7 21. Nxb5 axb5 22. f4 c4 23. c3 Kf7 24. e5 b4 25. Rd6 bxc3 26. bxc3 Qe8 27. exf6 gxf6 28. f5 exf5 29. Rxf6+ 1-0

[Event "FRA-chT Gp-B"]
[Site "France"]
[Date "2003.04.04"]
[Round "5.2"]
[White "Nikcevic, Nebojsa"]
[Black "Koch, Hans Juergen"]
[Result "1-0"]
[WhiteElo "2468"]
[BlackElo "2288"]
[PlyCount "77"]
[EventDate "2003.01.31"]
[EventType "team"]
[EventRounds "7"]
[EventCountry "FRA"]
[SourceTitle "CBM 095"]
[Source "ChessBase"]
[SourceDate "2003.07.25"]
[SourceVersion "1"]
[SourceVersionDate "2003.07.25"]
[SourceQuality "1"]
[WhiteTeam "Besancon"]
[BlackTeam "Nancy"]
[WhiteTeamCountry "FRA"]
[BlackTeamCountry "FRA"]

1. c4 c5 2. Nf3 Nc6 3. d4 cxd4 4. Nxd4 Nf6 5. Nc3 Qb6 6. Nb3 e6 7. e4 Bb4 8. Bd3 Ne5 9. Bf4 d6 10. Rc1 0-0 11. 0-0 Nxd3 12. Qxd3 Qc6 13. Rfe1 Ng4 14. Red1 Ne5 15. Qg3 Bxc3 16. Rxc3 Qxe4 17. f3 Qg6 18. c5 Nd7 19. Bxd6 Qxg3 20. hxg3 Re8 21. Nd4 Nf6 22. Nb5 Nd5 23. Ra3 a6 24. Nc7 Nxc7 25. Bxc7 f6 26. Rb3 e5 27. Kf2 h6 28. Ke3 Kh7 29. Ba5 e4 30. fxe4 Bg4 31. Rd4 Rac8 32. Rxb7 Rxc5 33. Bb4 Rg5 34. Kf2 f5 35. Rdd7 Rg8 36. e5 Rg6 37. Rd6 Re8 38. Rxg6 Kxg6 39. Rb6+ 1-0

[Event "Oberliga Sued W 0203"]
[Site "Germany"]
[Date "2002.09.29"]
[Round "1.4"]
[White "Mozny, Milos"]
[Black "Koch, Hans Juergen"]
[Result "0-1"]
[WhiteElo "2392"]
[BlackElo "2279"]
[PlyCount "58"]
[EventDate "2002.10.??"]
[EventType "team"]
[EventRounds "9"]
[EventCountry "GER"]
[SourceTitle "EXT 2005"]
[Source "ChessBase"]
[SourceDate "2004.11.15"]
[SourceVersion "1"]
[SourceVersionDate "2004.11.15"]
[SourceQuality "1"]

1. Nf3 c5 2. c4 Nc6 3. d4 cxd4 4. Nxd4 Qb6 5. e3 Nf6 6. Nc3 d6 7. Be2 e6 8. 0-0 Be7 9. a3 0-0 10. b4 a6 11. Bb2 Bd7 12. Nb3 Ne5 13. Qd4 Qxd4 14. exd4 Ng6 15. Bf3 Bc6 16. Bxc6 bxc6 17. f4 Nh4 18. d5 Nf5 19. Rfe1 exd5 20. cxd5 Bd8 21. dxc6 Bb6+ 22. Kh1 Ng4 23. Ne4 Rfe8 24. Nbd2 Re6 25. g3 Rae8 26. Rec1 d5 27. h3 dxe4 28. hxg4 Rh6+ 29. Kg2 Ne3+ 0-1

[Event "Oberliga Sued W 0102"]
[Site "Germany"]
[Date "2002.04.14"]
[Round "?"]
[White "Koch, Hans Juergen"]
[Black "Mischke, Luis"]
[Result "1-0"]
[WhiteElo "2231"]
[BlackElo "1986"]
[PlyCount "65"]
[EventDate "2001.10.09"]
[EventType "team"]
[EventRounds "9"]
[EventCountry "GER"]
[SourceTitle "EXT 2003"]
[Source "ChessBase"]
[SourceDate "2002.11.25"]
[SourceVersion "1"]
[SourceVersionDate "2002.11.25"]
[SourceQuality "1"]

1. Nf3 g6 2. g3 Bg7 3. Bg2 d6 4. 0-0 Nf6 5. c4 0-0 6. Nc3 Nc6 7. Rb1 a5 8. a3 e5 9. d3 Be6 10. b4 axb4 11. axb4 h6 12. b5 Ne7 13. Bb2 Nd7 14. Nd2 Nc5 15. Nb3 Nxb3 16. Qxb3 Rb8 17. Ra1 f5 18. Ra7 c6 19. Rb1 Re8 20. bxc6 bxc6 21. Rb7 e4 22. Nd1 Rxb7 23. Qxb7 Bxb2 24. Qxb2 exd3 25. exd3 Qd7 26. Ne3 Rf8 27. Qd4 Qc7 28. Nc2 Bd7 29. Qe3 Be8 30. Qxh6 d5 31. cxd5 cxd5 32. Ne1 Bf7 33. Nf3 1-0